| 000 | 00443nam a22001577a 4500 | ||
|---|---|---|---|
| 003 | OSt | ||
| 005 | 20240415101833.0 | ||
| 008 | 240415b |||||||| |||| 00| 0 eng d | ||
| 040 | _cMRSPTU | ||
| 100 | _aRobert G. Ingersoll (ਰਾੱਬਰਟ ਗਰੀਨ ਇੰਗਰਸੋਲ) | ||
| 245 | _aDharam Ki Hai ?(ਧਰਮ ਕੀ ਹੈ?) | ||
| 250 | _a2nd | ||
| 260 |
_aPunjab _bTarkbharti Parkashan _c2003 |
||
| 300 | _a30 | ||
| 942 |
_2ddc _cBK _n0 |
||
| 999 |
_c10029 _d10029 |
||